书目信息 |
| 题名: |
基层田径比赛组织方法
|
|
| 作者: | 钱铁群 , 吕萍 编著 | |
| 分册: | ||
| 出版信息: | 北京 人民体育出版社 2000.02 |
|
| 页数: | 209页 | |
| 开本: | 32开 | |
| 丛书名: | ||
| 单 册: | ||
| 中图分类: | G820.7 | |
| 科图分类: | ||
| 主题词: | 田径运动 | |
| 电子资源: | ||
| ISBN: | 7-5009-1904-2 | |
| 000 | 00611nam0 2200205 45 | |
| 001 | 0010111749 | |
| 005 | 20001011171235.2 | |
| 010 | @a7-5009-1904-2@d11.00元 | |
| 100 | @a20001011d2000 km y0chiy0120 ea | |
| 101 | 0 | @achi |
| 105 | @a z 000yy | |
| 200 | 1 | @a基层田径比赛组织方法@AJi Ceng Tian Jing Bi Sai Zu Zhi Fang Fa@f钱铁群,吕萍编著@FQian Tie Qun,Lu Ping Bian Zhu |
| 210 | @a北京@c人民体育出版社@d2000.02 | |
| 215 | @a209页@d32开 | |
| 606 | 0 | @a田径运动 |
| 690 | @aG820.7@v3 | |
| 701 | 0 | @a钱铁群@4编著 |
| 701 | 0 | @a吕萍@4编著 |
| 801 | @aCN@bPftUser@c20001011 | |
| 905 | @b176107-108@dG820.7@eQ692@f2 | |
| 基层田径比赛组织方法/钱铁群,吕萍编著.-北京:人民体育出版社,2000.02 |
| 209页;32开 |
| ISBN 7-5009-1904-2:11.00元 |
| ● |
| 相关链接 |
|
|
|
正题名:基层田径比赛组织方法
索取号:G820.7/Q692
 
预约/预借
| 序号 | 登录号 | 条形码 | 馆藏地/架位号 | 状态 | 备注 |
| 1 | 176107 | 201761076 | 社科库409/409社科库 22排1列1层/ [索取号:G820.7/Q692] | 在馆 | |
| 2 | 176108 | 201761085 | 体育教学部资料室/ [索取号:G820.7/Q692] | 在馆 |